• 首页
  • 本馆介绍
  • 公告通知
  • 最新文献
  • 馆藏检索
  • 电子资源
  • 读者导购
  • 参考咨询
  • 我的图书馆
  • 登录
  • 详细信息显示
  • 放入我的书架
  • 预约/预借图书
  • 作者相关作品
  • 分类相关作品
  • 丛书相关作品
  • 出版社相关作品

书目信息

  • 表格格式
  • 工作单格式
  • 卡片格式
题名:
生物化学
    
 
作者: 王镜岩 主编
分册: 上册  
出版信息: 北京   高等教育出版社  2002
页数: 626页
开本: 28cm
丛书名:
单 册:
中图分类: Q5
科图分类:
主题词: 生物化学
电子资源:
ISBN: 7-04-011088-1
000 00597nam0 2200217 450
001 0655393140
005 20070620144229.20
010    @a7-04-011088-1@dCNY56.00
100    @a20060314d2002 km y0chiy0120 ea
101 0  @achi
102    @aCN@b110000
200 1  @a生物化学@Asheng wu hua xue@h上册@f王镜岩等主编@Fwang jing yan deng zhu bian
205    @a3版
210    @a北京@c高等教育出版社@d2002
215    @a626页@d28cm
300    @a面向21世纪课程教材
606 0  @a生物化学
690    @aQ5@v4
701  0 @a王镜岩@Awang jing yan@4主编
801  0 @aCN@bPFT@c20070620
905    @a10447@dQ5@e104:1=3
    
    生物化学.上册/王镜岩等主编.-3版.-北京:高等教育出版社,2002
    626页;28cm
    面向21世纪课程教材
    
    ISBN 7-04-011088-1:CNY56.00
    
●
相关链接 在E读中查询图书 在五车中查询图书 在当当中查询图书 在豆瓣中查询图书


正题名:生物化学     索取号:Q5/104:1=3         预约/预借

序号 登录号 条形码 馆藏地/架位号 状态 备注
1 0339968   203399688   第二样本阅览室/ [索取号:Q5/104:1=3] 在馆    
2 0339969   203399697   第三借阅区/ [索取号:Q5/104:1=3] 在馆    
3 0339970   203399704   第三借阅区/ [索取号:Q5/104:1=3] 在馆    
4 0339971   203399713   第三借阅区/ [索取号:Q5/104:1=3] 在馆    
5 0339972   203399722   第三借阅区/ [索取号:Q5/104:1=3] 在馆    
6 0661723   206617231   第三借阅区/ [索取号:Q5/104:1=3] 在馆    
7 0661724   206617240   第三借阅区/ [索取号:Q5/104:1=3] 在馆    
8 0661725   206617259   第三借阅区/ [索取号:Q5/104:1=3] 在馆    
9 0661726   206617268   第三借阅区/ [索取号:Q5/104:1=3] 在馆    
10 0661727   206617277   第三借阅区/ [索取号:Q5/104:1=3] 在馆    
11 0661728   206617286   第三借阅区/ [索取号:Q5/104:1=3] 在馆    
12 0661729   206617295   第三借阅区/ [索取号:Q5/104:1=3] 在馆    
13 0661730   206617302   第三借阅区/ [索取号:Q5/104:1=3] 在馆    
14 0661731   206617311   第三借阅区/ [索取号:Q5/104:1=3] 在馆    
15 0661732   206617320   第三借阅区/ [索取号:Q5/104:1=3] 在馆    
16 0661733   206617339   第三借阅区/ [索取号:Q5/104:1=3] 在馆    
17 0661734   206617348   第三借阅区/ [索取号:Q5/104:1=3] 在馆    
18 0661735   206617357   第三借阅区/ [索取号:Q5/104:1=3] 在馆    
19 0661736   206617366   第三借阅区/ [索取号:Q5/104:1=3] 在馆    
20 0661737   206617375   第三借阅区/ [索取号:Q5/104:1=3] 在馆    
21 0661738   206617384   第三借阅区/ [索取号:Q5/104:1=3] 在馆    
唐山师范学院图书馆 欢迎您!
大连网信软件有限公司© 版权所有